<?xml version="1.0" encoding="UTF-8"?>
<record
    xmlns:xsi="http://www.w3.org/2001/XMLSchema-instance"
    xsi:schemaLocation="http://www.loc.gov/MARC21/slim http://www.loc.gov/standards/marcxml/schema/MARC21slim.xsd"
    xmlns="http://www.loc.gov/MARC21/slim">

  <leader>02853nam a22003257a 4500</leader>
  <controlfield tag="005">20180803165544.0</controlfield>
  <controlfield tag="008">140404b2012    ck ||||| ||||o00| 0 spa d</controlfield>
  <datafield tag="041" ind1="1" ind2=" ">
    <subfield code="a">spa</subfield>
  </datafield>
  <datafield tag="044" ind1=" " ind2=" ">
    <subfield code="a">ck</subfield>
  </datafield>
  <datafield tag="082" ind1="0" ind2="4">
    <subfield code="a">333.73</subfield>
    <subfield code="b">I24e</subfield>
  </datafield>
  <datafield tag="100" ind1="1" ind2=" ">
    <subfield code="a">Instituto Geogr&#xE1;fico Agust&#xED;n Codazzi (IGAC)</subfield>
    <subfield code="9">18570</subfield>
  </datafield>
  <datafield tag="245" ind1="1" ind2="0">
    <subfield code="a">Estudio de los conflictos de uso del territorio colombiano</subfield>
    <subfield code="b">Convenio marco de cooperaci&#xF3;n especial /</subfield>
    <subfield code="c">Instituto Geogr&#xE1;fico Agust&#xED;n Codazzi (IGAC)</subfield>
  </datafield>
  <datafield tag="260" ind1=" " ind2=" ">
    <subfield code="a">Bogot&#xE1;</subfield>
    <subfield code="b">IGAC</subfield>
    <subfield code="c">2012</subfield>
  </datafield>
  <datafield tag="300" ind1=" " ind2=" ">
    <subfield code="a">211 p.</subfield>
    <subfield code="b">il. y fot (col), mapas, gr&#xE1;ficos.</subfield>
    <subfield code="e">1 CD-ROM</subfield>
  </datafield>
  <datafield tag="500" ind1=" " ind2=" ">
    <subfield code="a">Los conflictos de uso corresponden a la discrepancia entre el uso que el hombre hace actualmente del medio natural y el uso que deber&#xED;a tener, de acuerdo con sus potencialidades y restricciones ambientales, ecol&#xF3;gicas, culturales, sociales y econ&#xF3;micas. Esta discrepancia permite aportar elementos b&#xE1;sicos y vigentes, para la formulaci&#xF3;n de pol&#xED;ticas, reglamentaciones y planificaci&#xF3;n del territorio, fundamentados en el conocimiento de los recursos y su oferta natural, las demandas y las interacciones entre el territorio y sus usos, y como marco orientador para la toma de decisiones.</subfield>
  </datafield>
  <datafield tag="505" ind1=" " ind2=" ">
    <subfield code="a">El estudio contiene mapa de: 1 Conflictos de uso del territorio colombiano, 2 &#xC1;reas de conservaci&#xF3;n y protecci&#xF3;n ambiental, 3 &#xC1;reas de protecci&#xF3;n legal, 4 &#xC1;reas prioritarias para la conservaci&#xF3;n, 5 &#xC1;reas de producci&#xF3;n agr&#xED;cola y ganadera, 6 Suelos del territorio colombiano, 7 Suelos de Colombia a novel de orden, 8 Capacidad de uso del suelo del territorio colombiano, 9 Vocaci&#xF3;n de uso del suelo del territorio colombiano, 10 &#xC1;reas de susceptibilidad y amenazas, 11 Oferta ambiental del territorio colombiano, 12 Mapa de demanda ambiental del territorio colombiano, 13 &#xC1;reas de explotaci&#xF3;n actual de recursos no renovables, 14 &#xC1;reas de reglamentaci&#xF3;n especial, 15 Zonificaci&#xF3;n intermunicipal de conglomerados productivos, 16 Vulnerabilidad social.</subfield>
  </datafield>
  <datafield tag="590" ind1=" " ind2=" ">
    <subfield code="a">Incluye CD-Rom CID-059986
Mapa:
CID- 059988, 059989, 059990, 059991, 059992, 059993, 059994, 059995, 059996, 059997, 059998, 05999, 060000, 060001, 060002, 038001 (16 mapas)</subfield>
  </datafield>
  <datafield tag="650" ind1=" " ind2="4">
    <subfield code="a">istribuci&#xF3;n de Tierras</subfield>
    <subfield code="9">23393</subfield>
  </datafield>
  <datafield tag="650" ind1=" " ind2="4">
    <subfield code="a">Medio Ambiente</subfield>
    <subfield code="x">Protecci&#xF3;n y conservaci&#xF3;n</subfield>
    <subfield code="z">Colombia</subfield>
    <subfield code="9">23403</subfield>
  </datafield>
  <datafield tag="650" ind1=" " ind2="4">
    <subfield code="a">Uso de las Tierras</subfield>
    <subfield code="x">vocaci&#xF3;n</subfield>
    <subfield code="9">23404</subfield>
  </datafield>
  <datafield tag="650" ind1=" " ind2="4">
    <subfield code="a">Uso de la Tierra</subfield>
    <subfield code="x">capacidad</subfield>
    <subfield code="9">23405</subfield>
  </datafield>
  <datafield tag="650" ind1=" " ind2="4">
    <subfield code="a">Conflicto de uso</subfield>
    <subfield code="x">territorio colombiano</subfield>
    <subfield code="9">23406</subfield>
  </datafield>
  <datafield tag="651" ind1=" " ind2="4">
    <subfield code="a">Colombia</subfield>
    <subfield code="x">aspectos econ&#xF3;micos</subfield>
    <subfield code="9">23407</subfield>
  </datafield>
  <datafield tag="710" ind1=" " ind2=" ">
    <subfield code="a">Ministerio de Agricultura y Desarrollo Rural</subfield>
    <subfield code="9">23408</subfield>
  </datafield>
  <datafield tag="710" ind1="1" ind2=" ">
    <subfield code="a">Ministerio de Ambiente y Desarrollo Sostenible</subfield>
    <subfield code="9">23409</subfield>
  </datafield>
  <datafield tag="710" ind1=" " ind2=" ">
    <subfield code="a">Ministerio de Vivienda</subfield>
    <subfield code="9">23401</subfield>
  </datafield>
  <datafield tag="710" ind1="1" ind2=" ">
    <subfield code="a">Instituto Colombiano de Desarrollo Rural</subfield>
    <subfield code="e">INCODER</subfield>
    <subfield code="9">23402</subfield>
  </datafield>
  <datafield tag="710" ind1="1" ind2=" ">
    <subfield code="a">Instituto de Hidrolog&#xED;a Meteorolog&#xED;a y Estudios Ambientales (IDEAM)</subfield>
    <subfield code="9">17355</subfield>
  </datafield>
  <datafield tag="942" ind1=" " ind2=" ">
    <subfield code="2">ddc</subfield>
    <subfield code="c">Impreso</subfield>
    <subfield code="0">2</subfield>
  </datafield>
  <datafield tag="999" ind1=" " ind2=" ">
    <subfield code="c">8356</subfield>
    <subfield code="d">8356</subfield>
  </datafield>
  <datafield tag="952" ind1=" " ind2=" ">
    <subfield code="0">0</subfield>
    <subfield code="1">0</subfield>
    <subfield code="2">ddc</subfield>
    <subfield code="4">0</subfield>
    <subfield code="7">0</subfield>
    <subfield code="8">GENERAL</subfield>
    <subfield code="I">INV2017</subfield>
    <subfield code="a">Venado</subfield>
    <subfield code="b">Venado</subfield>
    <subfield code="d">2014-04-04</subfield>
    <subfield code="e">Instituto</subfield>
    <subfield code="g">39000.00</subfield>
    <subfield code="l">2</subfield>
    <subfield code="o">LB-333.73 I24e</subfield>
    <subfield code="p">059987</subfield>
    <subfield code="r">2014-11-04 00:00:00</subfield>
    <subfield code="s">2014-10-15</subfield>
    <subfield code="t">Ej. 1</subfield>
    <subfield code="w">2014-04-04</subfield>
    <subfield code="x">Donaci&#xF3;n</subfield>
    <subfield code="y">LIBRO</subfield>
  </datafield>
  <datafield tag="952" ind1=" " ind2=" ">
    <subfield code="0">0</subfield>
    <subfield code="1">0</subfield>
    <subfield code="2">ddc</subfield>
    <subfield code="4">0</subfield>
    <subfield code="7">0</subfield>
    <subfield code="8">GENERAL</subfield>
    <subfield code="I">INV2017</subfield>
    <subfield code="a">Bogota</subfield>
    <subfield code="b">Bogota</subfield>
    <subfield code="d">2016-06-29</subfield>
    <subfield code="e">Instituto</subfield>
    <subfield code="g">39000.00</subfield>
    <subfield code="l">2</subfield>
    <subfield code="o">LB-333.73 I24e</subfield>
    <subfield code="p">040530</subfield>
    <subfield code="r">2019-09-10 00:00:00</subfield>
    <subfield code="s">2019-09-10</subfield>
    <subfield code="t">Ej. 2</subfield>
    <subfield code="w">2016-06-29</subfield>
    <subfield code="x">Donacion</subfield>
    <subfield code="y">LIBRO</subfield>
    <subfield code="z">Incluye CD-ROM (CID-040531) y 15 mapas.
</subfield>
  </datafield>
</record>
